[Event "21st European Teams Women"]
[Site "Hersonissos GRE"]
[Date "2017.11.04"]
[Round "7.3"]
[Board "3"]
[White "Ushenina, Anna"]
[Black "Szczepkowska, Karina"]
[Result "1/2-1/2"]
[WhiteTitle "GM"]
[BlackTitle "IM"]
[WhiteElo "2445"]
[BlackElo "2406"]
[WhiteTeam "Ukraine"]
[BlackTeam "Poland"]
[WhiteFideId "14110911"]
[BlackFideId "1122681"]
[EventDate "2017.10.28"]

1. d4 Nf6 2. c4 e6 3. Nf3 Bb4+ 4. Nbd2 b6 5. a3 Bxd2+ 6. Qxd2 Ba6 7. Qc2 d5 8.
cxd5 Qxd5 9. g3 Nbd7 10. Bg2 Rc8 11. b4 c5 12. dxc5 bxc5 13. Nh4 Qc4 14. Qxc4
Bxc4 15. Bd2 O-O 16. Rb1 Rfd8 17. Rb2 Nb6 18. bxc5 Rxc5 19. Be3 Rb5 20. Rxb5
Bxb5 21. Nf3 Nfd5 22. Nd4 Nc3 23. Bd2 Rxd4 24. Bxc3 Rc4 25. Kd2 Rc8 26. Ra1 Nc4+
27. Ke1 Ne3 28. fxe3 Rxc3 29. a4 Be8 30. Rb1 a5 31. Rb8 Kf8 32. Kd2 Rc5 33. Be4
Ke7 34. Bc2 h6 35. Rb7+ Kd6 36. Rb8 Ke7 37. Rb7+ Kd6 38. Rb8 Bd7 39. Rf8 Ke7 40.
Ra8 g6 41. Ra7 Kd6 42. Ra8 h5 43. Rf8 Ke7 44. Ra8 Kd6 45. Rf8 Ke7 46. Ra8 Kd6 1/2-1/2

[Event "21st European Teams Women"]
[Site "Hersonissos GRE"]
[Date "2017.11.04"]
[Round "7.3"]
[Board "4"]
[White "Kulon, Klaudia"]
[Black "Osmak, Iulija"]
[Result "1-0"]
[WhiteTitle "WGM"]
[BlackTitle "IM"]
[WhiteElo "2358"]
[BlackElo "2339"]
[WhiteTeam "Poland"]
[BlackTeam "Ukraine"]
[WhiteFideId "1131044"]
[BlackFideId "14101602"]
[EventDate "2017.10.28"]

1. c4 e5 2. g3 Nf6 3. Nc3 c6 4. Nf3 e4 5. Nd4 Qb6 6. Nb3 d5 7. cxd5 cxd5 8. d3
Nc6 9. Bg2 Be6 10. O-O Rd8 11. Bg5 Be7 12. d4 h6 13. Bxf6 Bxf6 14. e3 Be7 15.
Nc5 O-O 16. a3 Qc7 17. b4 b6 18. Nxe6 fxe6 19. Rc1 Qd7 20. Qa4 Rc8 21. Rc2 Ne5
22. Qxd7 Nxd7 23. Rfc1 Kf7 24. Bh3 Rfd8 25. Nb5 Rxc2 26. Rxc2 a5 27. bxa5 bxa5
28. Rc7 Nb8 29. Ra7 Rd7 30. Nc7 Kf6 31. Rb7 Rxc7 32. Rxc7 Bxa3 33. Bf1 a4 34.
Ra7 Be7 35. Rxa4 Nc6 36. Ra6 Nd8 37. Bb5 Nf7 38. h4 Nd6 39. Bd7 Bf8 40. Kg2 h5
41. Ra8 Be7 42. Rg8 Kf7 43. Rh8 g6 44. Rh7+ Kf6 45. g4 hxg4 46. h5 Nf5 47. Be8
gxh5 48. Rf7+ Kg5 49. Bd7 Bf6 50. Bxe6 Ne7 51. Rf8 h4 52. Bxg4 Bxd4 53. Be6 Bg7
54. Rd8 Kf6 55. Bxd5 Ke5 56. Bb7 Bf6 57. Rd4 Nf5 58. Rxe4+ Kd6 59. Bc8 Ng7 60.
Kh3 Kd5 61. Ra4 Ne8 62. e4+ Kc5 63. f4 Nd6 64. e5 Bxe5 65. Ra5+ Kc6 66. Rxe5
Nxc8 67. Kxh4 Kd6 68. Re1 Ne7 69. Kg5 Kd7 70. f5 1-0

[Event "21st European Teams Women"]
[Site "Hersonissos GRE"]
[Date "2017.11.04"]
[Round "7.4"]
[Board "1"]
[White "Bulmaga, Irina"]
[Black "Danielian, Elina"]
[Result "1-0"]
[WhiteTitle "IM"]
[BlackTitle "GM"]
[WhiteElo "2423"]
[BlackElo "2415"]
[WhiteTeam "Romania"]
[BlackTeam "Armenia"]
[WhiteFideId "13903063"]
[BlackFideId "13300210"]
[EventDate "2017.10.28"]

1. e4 e6 2. d4 d5 3. Nc3 Bb4 4. e5 c5 5. Bd2 Nh6 6. Nf3 Nf5 7. a3 Bxc3 8. Bxc3
b6 9. Bb5+ Bd7 10. Be2 Nc6 11. dxc5 bxc5 12. b4 O-O 13. O-O d4 14. Bb2 Rb8 15.
Bd3 Nh4 16. Nxh4 Qxh4 17. Re1 cxb4 18. Re4 Qg5 19. Bc1 Qe7 20. axb4 Nxb4 21. Ba3
Bc6 22. Rxd4 Qc5 23. Qd2 a5 24. c3 Rfd8 25. Rxd8+ Rxd8 26. Bxh7+ Kxh7 27. Qxd8
Qxc3 28. Qh4+ Kg8 29. Rd1 Bd5 30. Rc1 Nc2 31. Bd6 Qb2 32. Qg5 a4 33. Be7 Be4 34.
Rd1 Nd4 35. Qe3 Ne2+ 36. Kf1 Bd5 37. Qxe2 Bxg2+ 38. Ke1 Qc3+ 39. Qd2 Qxe5+ 40.
Qe3 Qa5+ 41. Rd2 Qf5 42. Ba3 Bd5 43. Rd3 Qf6 44. Rc3 Qf5 45. Qd3 Qe5+ 46. Kf1
Qb8 47. Qc2 Qb5+ 48. Kg1 Bb7 49. Rc5 Qd7 50. Bb2 a3 51. Bxa3 Qd4 52. h3 Qf4 53.
Qd3 f6 54. Qd8+ 1-0

[Event "21st European Teams Women"]
[Site "Hersonissos GRE"]
[Date "2017.11.04"]
[Round "7.4"]
[Board "2"]
[White "Mkrtchian, Lilit"]
[Black "Peptan, Corina-Isabela"]
[Result "1/2-1/2"]
[WhiteTitle "IM"]
[BlackTitle "IM"]
[WhiteElo "2390"]
[BlackElo "2399"]
[WhiteTeam "Armenia"]
[BlackTeam "Romania"]
[WhiteFideId "13300601"]
[BlackFideId "1201930"]
[EventDate "2017.10.28"]

1. d4 Nf6 2. c4 e6 3. Nf3 Bb4+ 4. Nbd2 b6 5. a3 Bxd2+ 6. Qxd2 Bb7 7. e3 O-O 8.
Be2 d6 9. b4 Nbd7 10. Bb2 Ne4 11. Qc2 c5 12. O-O Rc8 13. Nd2 Nxd2 14. Qxd2 Qg5
15. f3 d5 16. cxd5 exd5 17. Bb5 Bc6 18. Bxc6 Rxc6 19. dxc5 bxc5 20. bxc5 Nxc5
21. Rad1 Na4 22. Bd4 Nb6 23. Rf2 h6 24. Re2 Rfc8 25. Bxb6 Rxb6 26. Qxd5 Qxd5 27.
Rxd5 Ra6 28. Rd3 Rc1+ 29. Kf2 Ra1 30. Rd8+ Kh7 31. Rd7 Kg6 32. Rc2 R1xa3 33.
Rcc7 Ra2+ 34. Kg3 Kh7 35. Kh3 Rg6 36. g4 Ra3 37. Rxa7 Rxe3 38. Rxf7 Rb3 39. Kh4
Rbb6 40. f4 Rbf6 41. f5 Rxf7 42. Rxf7 Ra6 43. Kh5 Ra2 44. h4 Rf2 45. Re7 Rf1 46.
Re5 Rf2 47. Rd5 Rf1 48. Rd7 Rf2 49. Rf7 Rf1 50. g5 Rxf5 51. Rxf5 g6+ 52. Kg4
gxf5+ 53. Kxf5 hxg5 54. hxg5 Kg7 55. g6 Kg8 56. Kf6 Kf8 57. g7+ Kg8 1/2-1/2

[Event "21st European Teams Women"]
[Site "Hersonissos GRE"]
[Date "2017.11.04"]
[Round "7.4"]
[Board "3"]
[White "Cosma, Elena-Luminita"]
[Black "Galojan, Lilit"]
[Result "1/2-1/2"]
[WhiteTitle "WGM"]
[BlackTitle "IM"]
[WhiteElo "2333"]
[BlackElo "2291"]
[WhiteTeam "Romania"]
[BlackTeam "Armenia"]
[WhiteFideId "1201590"]
[BlackFideId "13301314"]
[EventDate "2017.10.28"]

1. d4 Nf6 2. Nf3 e6 3. g3 b5 4. Bg2 Bb7 5. O-O Be7 6. Bg5 O-O 7. Qd3 a6 8. Bxf6
Bxf6 9. Ng5 Bxg5 10. Bxb7 Ra7 11. Bg2 d6 12. c3 c5 13. h4 Bf6 14. Nd2 cxd4 15.
cxd4 Qb6 16. e3 Rc7 17. Rfc1 Rfc8 18. Rxc7 Rxc7 19. Be4 g6 20. Qe2 d5 21. Bd3
Nc6 22. Rd1 e5 23. dxe5 Nxe5 24. Nf3 Nxf3+ 25. Qxf3 Bxb2 26. Qxd5 Qc5 27. Qa8+
Kg7 28. Qxa6 Rd7 29. a4 bxa4 30. Qxa4 Ra7 31. Qe4 Qh5 32. Rb1 Ra1 33. Rxa1 Bxa1
34. Bc4 Qe5 35. Qb7 Qf6 36. Kg2 h5 37. Qd7 Bb2 38. Bd5 Bc3 39. Qb7 Be5 40. Qa7
Bc3 41. Qa2 Qe7 42. e4 Bd4 43. Qc4 Ba7 44. Qa4 Bb6 45. Qc4 Ba7 46. Qc1 Qf6 47.
Qe1 Bd4 48. Qe2 Qe5 49. Qa2 Qf6 50. f4 Qe7 51. e5 Ba7 52. Kh3 Bd4 53. Qc4 Ba1
54. Qc6 Bd4 55. Bc4 Bb2 56. Bb3 Ba1 57. Qd5 Bb2 58. Kg2 Bc3 59. Qc6 Bb2 60. Bd5
Bd4 61. Bb3 Bb2 62. Kf3 Bd4 63. Ke4 Bb2 64. Bc4 Ba3 65. Qa6 Bb4 66. Bd5 Be1 67.
Kf3 Bc3 68. Qc4 Bb2 69. Qc6 Bd4 70. Qd6 Bc5 71. Qa6 Bd4 72. Qd6 Bc5 73. Qxe7
Bxe7 74. Bb3 Bb4 75. Bc2 Bc3 76. Bd3 Bd4 77. g4 hxg4+ 78. Kxg4 Bb6 79. h5 gxh5+
80. Kxh5 f6 1/2-1/2

[Event "21st European Teams Women"]
[Site "Hersonissos GRE"]
[Date "2017.11.04"]
[Round "7.4"]
[Board "4"]
[White "Gevorgyan, Maria"]
[Black "Sandu, Mihaela"]
[Result "1-0"]
[WhiteTitle "WIM"]
[BlackTitle "WGM"]
[WhiteElo "2262"]
[BlackElo "2278"]
[WhiteTeam "Armenia"]
[BlackTeam "Romania"]
[WhiteFideId "13300270"]
[BlackFideId "1204327"]
[EventDate "2017.10.28"]

1. e4 c5 2. Nf3 e6 3. d4 cxd4 4. Nxd4 a6 5. Nc3 b5 6. Bd3 Qb6 7. Nf3 Qc7 8. O-O
Bb7 9. Re1 Be7 10. e5 f5 11. Nd4 g6 12. Bf4 Nc6 13. Nxf5 gxf5 14. Qh5+ Kd8 15.
Qf7 Nd4 16. Qg7 Qc6 17. Re3 Kc7 18. Bf1 Bc5 19. Qxh8 Ne7 20. Qxh7 b4 21. Ne2 Rg8
22. Qh3 Nd5 23. Nxd4 Bxd4 24. Rf3 Bxb2 25. Re1 Rg4 26. Bh6 Bd4 27. Rd3 Bb6 28.
Qf3 Kb8 29. h3 Rg6 30. Bd2 a5 31. Rc1 Rg8 32. g3 Qc5 33. Bg2 Bc6 34. Be1 f4 35.
Rxd5 Bxd5 36. Qxf4 Rf8 37. Qd2 Bxg2 38. Kxg2 Qxe5 39. Qxd7 Qe4+ 40. Kh2 Rc8 41.
Qb5 Ka7 42. Rd1 Qxc2 43. Rd6 Qc5 44. Rd7+ Kb8 45. Qa6 Qc6 46. Rf7 Rd8 47. a3 Rh8
48. axb4 e5 49. b5 Rxh3+ 50. Kxh3 Qh1+ 51. Kg4 Qe4+ 52. Kh5 Qh1+ 53. Kg6 Qe4+
54. Kh6 Bc5 55. Qc6 Qxc6+ 56. bxc6 a4 57. Bc3 Bd6 58. g4 1-0

[Event "21st European Teams Women"]
[Site "Hersonissos GRE"]
[Date "2017.11.04"]
[Round "7.5"]
[Board "4"]
[White "Isgandarova, Khayala"]
[Black "Guichard, Pauline"]
[Result "1-0"]
[WhiteTitle "WIM"]
[BlackTitle "WGM"]
[WhiteElo "2242"]
[BlackElo "2285"]
[WhiteTeam "Turkey"]
[BlackTeam "France"]
[WhiteFideId "13401823"]
[BlackFideId "639370"]
[EventDate "2017.10.28"]

1. e4 g6 2. d4 Bg7 3. Nc3 d6 4. f4 Nf6 5. Nf3 O-O 6. Bd3 Nc6 7. O-O e5 8. dxe5
dxe5 9. fxe5 Nxe5 10. Nxe5 Qd4+ 11. Kh1 Qxe5 12. Bf4 Qc5 13. Qd2 Nh5 14. Nd5
Nxf4 15. Qxf4 c6 16. Nf6+ Bxf6 17. Qxf6 Be6 18. Rf4 Rfd8 19. e5 Rd4 20. Raf1
Rxf4 21. Rxf4 Qe3 22. h4 Bd5 23. Kh2 Re8 24. Be4 Qc5 25. h5 Qe7 26. Bxd5 cxd5
27. h6 Qf8 28. Kg3 b5 29. Kf3 a5 30. g4 Re6 31. Qxe6 fxe6 32. Rxf8+ Kxf8 33. Ke3
g5 34. Kd4 Kf7 35. Kc5 b4 36. b3 d4 37. Kd6 a4 38. bxa4 b3 39. axb3 1-0

[Event "21st European Teams Women"]
[Site "Hersonissos GRE"]
[Date "2017.11.04"]
[Round "7.6"]
[Board "1"]
[White "Worek, Joanna"]
[Black "Botsari, Anna-Maria"]
[Result "1/2-1/2"]
[WhiteTitle "WGM"]
[BlackTitle "WGM"]
[WhiteElo "2299"]
[BlackElo "2287"]
[WhiteTeam "Czech Republic"]
[BlackTeam "Greece 1"]
[WhiteFideId "1118080"]
[BlackFideId "4200446"]
[EventDate "2017.10.28"]

1. e4 c5 2. Nf3 e6 3. d4 cxd4 4. Nxd4 Nc6 5. Nc3 Qc7 6. f4 a6 7. Nxc6 bxc6 8.
Bd3 d5 9. Qe2 Nf6 10. e5 Nd7 11. O-O Be7 12. Na4 c5 13. b3 Bb7 14. c4 d4 15. Bd2
O-O 16. Rae1 g6 17. Bc2 Rfe8 18. Nb2 Bf8 19. Nd3 a5 20. a4 Bg7 21. h4 h5 22. Kh2
Qd8 23. g3 Bf8 24. Rg1 Kg7 25. Ref1 Be7 26. Nf2 Rh8 27. Nh3 Qc7 28. Rf2 Ra6 29.
Re1 f5 30. Rff1 Qc6 31. Rg1 1/2-1/2

[Event "21st European Teams Women"]
[Site "Hersonissos GRE"]
[Date "2017.11.04"]
[Round "7.6"]
[Board "2"]
[White "Tsolakidou, Stavroula"]
[Black "Havlikova, Kristyna"]
[Result "1/2-1/2"]
[WhiteTitle "WGM"]
[BlackTitle "WIM"]
[WhiteElo "2340"]
[BlackElo "2272"]
[WhiteTeam "Greece 1"]
[BlackTeam "Czech Republic"]
[WhiteFideId "4264312"]
[BlackFideId "309672"]
[EventDate "2017.10.28"]

1. Nf3 Nf6 2. c4 g6 3. Nc3 d5 4. cxd5 Nxd5 5. Qb3 Nb6 6. d4 Bg7 7. Bf4 Be6 8.
Qa3 Nd5 9. Be5 f6 10. Bg3 c6 11. e4 Nxc3 12. Qxc3 O-O 13. Bc4 Bxc4 14. Qxc4+ Kh8
15. O-O Nd7 16. Rad1 Nb6 17. Qb3 Qe8 18. a4 Qf7 19. Rd3 Qxb3 20. Rxb3 f5 21.
exf5 Rxf5 22. Re1 Bf6 23. Be5 Bxe5 24. Rxe5 Rxe5 25. Nxe5 Nxa4 26. Rxb7 Rc8 27.
Rxa7 Nxb2 28. Rxe7 Na4 29. Re6 c5 30. d5 c4 31. d6 Nb6 32. h4 c3 33. Nd3 c2 34.
Nc1 Rd8 35. Re2 Rxd6 36. Rxc2 Rd4 37. Rc6 Nc4 38. Ne2 Rxh4 39. g3 Re4 40. Nc3
Rd4 41. Rc7 Ne5 42. Re7 Nc6 43. Rc7 Ne5 44. Re7 Nc6 45. Re6 Rc4 46. Nd5 Kg7 47.
Kg2 Rc5 48. Nf4 Kf7 49. Rd6 Ne5 50. Ra6 Rc7 51. Nd5 Rb7 52. Nf6 Kg7 53. Ne8+ Kf8
54. Nd6 Rd7 55. Ne4 Kg7 56. Ng5 Re7 57. Ne6+ Kf7 58. Nf4 Kg7 59. Ne6+ 1/2-1/2

[Event "21st European Teams Women"]
[Site "Hersonissos GRE"]
[Date "2017.11.04"]
[Round "7.6"]
[Board "3"]
[White "Rodshtein, Tereza"]
[Black "Avramidou, Anastasia"]
[Result "1-0"]
[WhiteTitle "WGM"]
[BlackTitle "FM"]
[WhiteElo "2233"]
[BlackElo "2257"]
[WhiteTeam "Czech Republic"]
[BlackTeam "Greece 1"]
[WhiteFideId "325449"]
[BlackFideId "4239873"]
[EventDate "2017.10.28"]

1. e4 c5 2. Nf3 Nc6 3. d4 cxd4 4. Nxd4 g6 5. Be3 Bg7 6. Nc3 Nf6 7. Bc4 O-O 8.
Bb3 a6 9. f3 Qc7 10. Qd2 b5 11. O-O-O Bb7 12. h4 h5 13. a3 e6 14. g4 Ne5 15. Bh6
Qc5 16. Bxg7 Kxg7 17. gxh5 Nxh5 18. Rhg1 Rh8 19. Rg5 Qc7 20. Kb1 Nc6 21. Rdg1
Qf4 22. Qf2 Qf6 23. Nf5+ exf5 24. Rxf5 Ne7 25. Rxf6 Nxf6 26. Qc5 Rae8 27. e5 Nh5
28. Qd6 Bc6 29. f4 Nf5 30. Qd3 Nxh4 31. Nd5 Bxd5 32. Qxd5 Re7 33. Qe4 Kf8 34.
Qa8+ Kg7 35. Qxa6 Nf5 36. Qxb5 Nxf4 37. e6 d5 38. exf7 Rd8 39. Qb4 Ne2 40. Rg2
Rh8 41. f8=Q+ Rxf8 42. Bxd5 Rd8 43. c4 Re3 44. Qb7+ Re7 45. Qb6 Rd6 46. Qb8 Nf4
47. Qg8+ Kf6 48. Qh8+ Rg7 49. Qf8+ Ke5 50. Rf2 Rdd7 51. Qb8+ Rc7 52. Bg8 Nd6 53.
Rd2 Ne4 54. Rd8 Kf5 55. Rf8+ Kg4 56. Qe8 Nd2+ 57. Ka2 Rge7 58. Qa4 Re2 59. Qd1
Re7 60. Qg1+ Ng2 61. Bd5 Ne4 62. Bxe4 R7xe4 63. Rf2 Rxf2 64. Qxf2 Nf4 65. c5 Rc4
66. Kb3 Rc1 67. Qe3 Rd1 68. c6 Rd8 69. c7 Rc8 70. Qe7 1-0

[Event "21st European Teams Women"]
[Site "Hersonissos GRE"]
[Date "2017.11.04"]
[Round "7.6"]
[Board "4"]
[White "Markantonaki, Haritomeni"]
[Black "Novosadova, Kristyna"]
[Result "0-1"]
[WhiteTitle "WFM"]
[WhiteElo "2192"]
[BlackElo "2184"]
[WhiteTeam "Greece 1"]
[BlackTeam "Czech Republic"]
[WhiteFideId "4207050"]
[BlackFideId "328065"]
[EventDate "2017.10.28"]

1. e4 e5 2. Nf3 Nc6 3. d4 exd4 4. Bc4 Nf6 5. e5 d5 6. Bb5 Ne4 7. Nxd4 Bd7 8.
Bxc6 bxc6 9. O-O Bc5 10. f3 Ng5 11. f4 Ne4 12. Be3 Bb6 13. Nd2 Nxd2 14. Qxd2 c5
15. Nf3 d4 16. Bf2 Bc6 17. Bh4 Qd5 18. f5 Kd7 19. Qg5 Kc8 20. Qxg7 Kb7 21. Qh6
c4 22. Kh1 Rhg8 23. Rae1 d3 24. e6 Qxf5 25. exf7 Rg6 26. Qxh7 Rf8 27. cxd3 Rxf7
28. Qh8 Rxg2 29. Kxg2 Bxf3+ 0-1

[Event "21st European Teams Women"]
[Site "Hersonissos GRE"]
[Date "2017.11.04"]
[Round "7.7"]
[Board "1"]
[White "Ziaziulkina, Nastassia"]
[Black "Rapport, Jovana"]
[Result "1-0"]
[WhiteTitle "IM"]
[BlackTitle "WGM"]
[WhiteElo "2369"]
[BlackElo "2327"]
[WhiteTeam "Belarus"]
[BlackTeam "Serbia"]
[WhiteFideId "13505211"]
[BlackFideId "937266"]
[EventDate "2017.10.28"]

1. e4 c6 2. Nc3 d5 3. Nf3 dxe4 4. Nxe4 Nf6 5. Qe2 Bf5 6. Nxf6+ gxf6 7. d4 Bg4 8.
Qe4 Bxf3 9. gxf3 e6 10. Bf4 Qa5+ 11. Bd2 Bb4 12. c3 Be7 13. Bc4 Nd7 14. Rg1
O-O-O 15. Rg7 f5 16. Qe3 Rhg8 17. Rxf7 Rg1+ 18. Bf1 Bg5 19. f4 Bxf4 20. Qxf4 Qb5
21. O-O-O Rxf1 22. Rxf1 Qxf1+ 23. Kc2 h5 24. Re7 Qc4 25. b3 Qa6 26. a4 c5 27.
dxc5 Qc6 28. Be3 Nxc5 29. Qc4 Rd5 30. Bxc5 Rxc5 31. Qxe6+ Qxe6 32. Rxe6 Rd5 33.
Rh6 Re5 34. Kd3 b5 35. axb5 Rxb5 36. Kc4 Re5 37. Rxh5 Re4+ 38. Kd3 Rf4 39. Ke3
Re4+ 40. Kf3 Re5 41. Kf4 Re2 42. Kxf5 Rxf2+ 43. Ke4 a5 44. Rxa5 Rxh2 45. Ra7 Kb8
46. Rg7 Rb2 47. b4 Rd2 48. c4 Rd1 49. b5 Kc8 50. c5 Kb8 51. b6 Re1+ 52. Kd5 Rd1+
53. Kc6 Rd8 54. Kb5 Rd5 55. Ka6 1-0

[Event "21st European Teams Women"]
[Site "Hersonissos GRE"]
[Date "2017.11.04"]
[Round "7.7"]
[Board "2"]
[White "Eric, Jovana"]
[Black "Badelka, Olga"]
[Result "1-0"]
[WhiteTitle "WIM"]
[BlackTitle "WIM"]
[WhiteElo "2257"]
[BlackElo "2353"]
[WhiteTeam "Serbia"]
[BlackTeam "Belarus"]
[WhiteFideId "938238"]
[BlackFideId "13509926"]
[EventDate "2017.10.28"]

1. e4 c5 2. Nf3 Nc6 3. d4 cxd4 4. Nxd4 e5 5. Nb5 d6 6. c4 Be7 7. N1c3 a6 8. Na3
f5 9. exf5 Bxf5 10. Bd3 Be6 11. Nc2 Nf6 12. Ne3 O-O 13. O-O Qd7 14. Ned5 Rae8
15. Be3 Bd8 16. Qc2 Kh8 17. a3 Qf7 18. Rad1 Ne7 19. Ne4 Nxe4 20. Bxe4 Nf5 21.
Qe2 Qg8 22. Rd3 Nxe3 23. Nxe3 Rf4 24. Nd5 Rh4 25. g3 Rh6 26. b3 Qf7 27. Rfd1 b5
28. cxb5 axb5 29. Rc3 Rf8 30. Rf3 Bf6 31. Rc3 Qa7 32. b4 Bd8 33. Qe3 Qf7 34. Rc2
Bf5 35. f3 Re6 36. Re1 Ree8 37. Qd3 Bd7 38. Nc7 Bxc7 39. Rxc7 Qe6 40. Bxh7 d5
41. Rc5 Qh6 42. Rxd5 Bc6 43. Rd6 Qxh7 44. Qxh7+ Kxh7 45. Rxc6 Rxf3 46. Re4 Rxa3
47. Kg2 Rb3 48. Rc5 Rb2+ 49. Kh3 Re6 50. Rxb5 Rh6+ 51. Kg4 Rg6+ 52. Kf3 Rf6+ 53.
Ke3 Rb3+ 54. Ke2 Rb2+ 55. Kd3 Rf3+ 56. Kc4 Rxh2 57. g4 Rc2+ 58. Kd5 Rf4 59. Kxe5
Rxe4+ 60. Kxe4 Kg6 61. Rc5 Rb2 62. Rc4 Kf6 63. Kd5 Ke7 64. Kc6 Kd8 65. b5 Kc8
66. Rf4 Rc2+ 67. Kb6 Rh2 68. Rf8+ Kd7 69. Rf7+ 1-0

[Event "21st European Teams Women"]
[Site "Hersonissos GRE"]
[Date "2017.11.04"]
[Round "7.7"]
[Board "3"]
[White "Stetsko, Lanita"]
[Black "Injac, Teodora"]
[Result "1/2-1/2"]
[WhiteTitle "FM"]
[BlackTitle "WFM"]
[WhiteElo "2254"]
[BlackElo "2244"]
[WhiteTeam "Belarus"]
[BlackTeam "Serbia"]
[WhiteFideId "13505300"]
[BlackFideId "932400"]
[EventDate "2017.10.28"]

1. e4 e6 2. d4 d5 3. exd5 exd5 4. Nf3 Nf6 5. Bd3 c5 6. O-O c4 7. Re1+ Be7 8. Bf1
O-O 9. b3 cxb3 10. axb3 Nc6 11. Ne5 Bf5 12. Nxc6 bxc6 13. Bd3 Bg4 14. f3 Be6 15.
Ba3 Bxa3 16. Rxa3 Qb6 17. c3 a5 18. Qe2 c5 19. dxc5 Qxc5+ 20. Qf2 Nd7 21. Qxc5
Nxc5 22. Bc2 Rfd8 23. Rd1 Nb7 24. Rd4 Rac8 25. Bd3 Rc5 26. Kf2 Re8 27. Ra2 Nd8
28. b4 axb4 29. cxb4 Rc1 30. b5 Nb7 31. Nd2 Nc5 32. Rb2 Rb8 33. Bf1 g6 34. Be2
Rc3 35. Nb1 Rc1 36. Nd2 Rc3 37. Nb1 Rc1 38. Nd2 1/2-1/2

[Event "21st European Teams Women"]
[Site "Hersonissos GRE"]
[Date "2017.11.04"]
[Round "7.7"]
[Board "4"]
[White "Gajcin, Marina"]
[Black "Ilyuchyk, Yana"]
[Result "1-0"]
[WhiteTitle "WFM"]
[WhiteElo "2135"]
[BlackElo "1992"]
[WhiteTeam "Serbia"]
[BlackTeam "Belarus"]
[WhiteFideId "949086"]
[BlackFideId "13508407"]
[EventDate "2017.10.28"]

1. e4 c5 2. Nf3 Nc6 3. d4 cxd4 4. Nxd4 Nf6 5. Nc3 e5 6. Ndb5 d6 7. Bg5 a6 8. Na3
b5 9. Nd5 Be7 10. Bxf6 Bxf6 11. c4 b4 12. Nc2 a5 13. g3 O-O 14. Bg2 Bg5 15. O-O
Ne7 16. Nde3 Rb8 17. b3 Bxe3 18. Nxe3 f5 19. exf5 Bxf5 20. Qd2 Qb6 21. Rad1 Rbd8
22. Nd5 Nxd5 23. Qxd5+ Kh8 24. Rd2 Bg4 25. h3 Bc8 26. Rfd1 Rd7 27. Qc6 Qxc6 28.
Bxc6 Rdf7 29. Kg2 Rf6 30. f3 Kg8 31. Rxd6 Be6 32. Rxe6 Rxe6 33. Bd5 Kf7 34. Re1
Ke7 35. Bxe6 Kxe6 36. f4 Kd6 37. Rxe5 Ra8 38. Rb5 Ra7 39. Kf3 Kc6 40. g4 Kd6 41.
f5 Kc6 42. Kf4 Kd6 43. g5 Kc6 44. f6 gxf6 45. gxf6 Kd7 46. Kf5 a4 47. Rxb4 axb3
48. axb3 Ra1 49. Rb7+ Ke8 50. Rxh7 Rb1 51. Ke6 Re1+ 52. Kd6 Re3 53. b4 Rd3+ 54.
Kc6 Rf3 55. f7+ 1-0

[Event "21st European Teams Women"]
[Site "Hersonissos GRE"]
[Date "2017.11.04"]
[Round "7.8"]
[Board "1"]
[White "Peng, Zhaoqin"]
[Black "Hoang, Thanh Trang"]
[Result "1-0"]
[WhiteTitle "GM"]
[BlackTitle "GM"]
[WhiteElo "2362"]
[BlackElo "2438"]
[WhiteTeam "Netherlands"]
[BlackTeam "Hungary"]
[WhiteFideId "1004786"]
[BlackFideId "12400149"]
[EventDate "2017.10.28"]

1. d4 f5 2. c4 Nf6 3. Nc3 g6 4. h4 d6 5. Bg5 Bg7 6. Nf3 Nbd7 7. Qc2 h6 8. Bxf6
Nxf6 9. e4 e6 10. O-O-O O-O 11. Bd3 Ng4 12. Kb1 c6 13. Rd2 Qa5 14. h5 g5 15.
exf5 exf5 16. Re1 Nf6 17. c5 dxc5 18. Bxf5 cxd4 19. Bxc8 dxc3 20. Be6+ Kh8 21.
Ne5 Qxe5 22. Rxe5 cxd2 23. Qxd2 Nxh5 24. Re4 Rad8 25. Qc2 Nf4 26. f3 Rd6 27. Bb3
Rfd8 28. g3 Nd3 29. Re7 b5 30. Qe2 Rf6 31. Rxg7 Kxg7 32. Qe7+ Kg6 33. Qxd8 Ne5
34. Qg8+ Kh5 35. Qe8+ Ng6 36. Bc2 g4 37. f4 1-0

[Event "21st European Teams Women"]
[Site "Hersonissos GRE"]
[Date "2017.11.04"]
[Round "7.8"]
[Board "2"]
[White "Lazarne Vajda, Szidonia"]
[Black "Haast, Anne"]
[Result "0-1"]
[WhiteTitle "IM"]
[BlackTitle "WGM"]
[WhiteElo "2364"]
[BlackElo "2288"]
[WhiteTeam "Hungary"]
[BlackTeam "Netherlands"]
[WhiteFideId "723894"]
[BlackFideId "1017292"]
[EventDate "2017.10.28"]

1. Nf3 d5 2. d4 c5 3. e3 Nf6 4. Nbd2 Qc7 5. Ne5 Nbd7 6. f4 g6 7. c3 Bg7 8. Bd3
O-O 9. O-O Nxe5 10. dxe5 Ng4 11. Nf3 f6 12. h3 Nh6 13. exf6 exf6 14. e4 dxe4 15.
Bxe4 Rd8 16. Qa4 Nf7 17. Re1 Kh8 18. Be3 Nd6 19. Rad1 Bd7 20. Qc2 Nxe4 21. Qxe4
Bc6 22. Qc4 b6 23. Qe2 Qb7 24. Rxd8+ Rxd8 25. Bc1 Kg8 26. Qe6+ Kf8 27. Ng5 fxg5
28. fxg5 Be8 29. Rf1+ Bf7 30. Qg4 Kg8 31. a4 Qd7 32. Qf4 Re8 33. h4 Be5 34. Qf2
Bc4 35. Re1 Bc7 36. a5 Rf8 37. Qe3 Qd6 38. Qh3 Qg3 39. Qxg3 Bxg3 40. Rd1 Be2 0-1

[Event "21st European Teams Women"]
[Site "Hersonissos GRE"]
[Date "2017.11.04"]
[Round "7.8"]
[Board "3"]
[White "Lanchava, Tea"]
[Black "Papp, Petra"]
[Result "1-0"]
[WhiteTitle "IM"]
[BlackTitle "WGM"]
[WhiteElo "2314"]
[BlackElo "2326"]
[WhiteTeam "Netherlands"]
[BlackTeam "Hungary"]
[WhiteFideId "1005308"]
[BlackFideId "739049"]
[EventDate "2017.10.28"]

1. d4 Nf6 2. c4 g6 3. Nc3 d5 4. e3 Bg7 5. cxd5 Nxd5 6. Nxd5 Qxd5 7. Ne2 O-O 8.
Nc3 Qd8 9. Be2 c5 10. d5 e6 11. e4 exd5 12. exd5 Nd7 13. O-O Nf6 14. Be3 b6 15.
Qd2 Bf5 16. f3 Re8 17. Bf2 h5 18. Bh4 Qd6 19. Bb5 Nd7 20. Bc6 Rac8 21. Bg3 Be5
22. Nb5 Qb8 23. Bxe5 Qxe5 24. Nxa7 Rcd8 25. Nb5 h4 26. Rae1 Qf6 27. b3 Kg7 28.
Nc7 Re5 29. f4 Rxe1 30. Rxe1 Qd4+ 31. Qxd4+ cxd4 32. Re8 Rxe8 33. Nxe8+ Kf8 34.
Nd6 Nc5 35. Nxf5 gxf5 36. Bb5 Ke7 37. Bc4 Kd6 38. Kf1 Ne4 39. a3 Kc5 40. Ke1 Nf6
41. d6 Kxd6 42. Bxf7 Ng4 43. Kd2 Ne3 44. g3 hxg3 45. hxg3 Nf1+ 46. Kd3 Nxg3 47.
Kxd4 Ne2+ 48. Ke3 Ng3 49. b4 Nf1+ 50. Kd3 Ng3 51. a4 Kc6 52. Kd4 Kd6 53. Bc4 Nh5
54. Ke3 Nf6 55. Bf7 Ke7 56. Bb3 Kd6 57. a5 b5 58. Kd4 Nd7 59. Bc2 Ke6 60. Bd3
Nf6 61. Bxb5 Kd6 62. a6 Nd5 63. a7 Nc7 64. Be2 Ne6+ 65. Kc4 1-0